000 00687nam a2200229Ia 4500
005 20241216011041.0
008 190212s9999||||xx |||||||||||||| ||und||
020 _a84-481-2047-7
082 _a657.072
_bC89
100 _aCUADRADO EBRERO, AMPARO Y OTRA
245 0 _aMETODOLOGIA DE LA INVESTIGACION CONTABLE
_bTEORIA CONTABLE
250 _a0
260 _aMADRID-ESPAÑA
_bMCGRAW-HILL
_c1999
300 _a173 pag
_c23.5 cm
341 _h75
490 _v0
_a0
505 _aCIENCIA CONTABLE/METODOLOGIA DE INVESTIGACION/BASES/EVOLUCIO
541 _aC
_bLIBRERIA SAN CRISTOBAL
_d25-Sep-02
_oSoles
650 _aCIENCIAS APLICADAS
856 _zCiencias Aplicadas
942 _cLIBRO
999 _c31256
_d31256